000 01612cam a2200289 a 4500
001 000011279
005 20200929162416.0
008 050919s2004 sp a b 000 0 spa d
020 _a8400082257
040 _aDO-SdBNP
_bspa
_cBNPHU
082 _a614.42468
_bC977u
111 2 _aCurso de Verano
_d(2004
_cUniversidad Internacional de Andalucía. Sede Iberoamericana de La Rábida)
_926856
245 1 0 _aEnfermedad y muerte en América y Andalucía, siglos XVI-XX /
_cJosé Jesús Hernández Palomo, coordinador.
260 _aSevilla, España :
_bConsejo Superior de Investigaciones Científicas;
_bEscuela de Estudios Hispano-Americanos,
_c2004.
300 _a546 p. :
_bil. ;
_c24 cm.
490 1 _aPublicaciones del Consejo Superior de Investigaciones Científicas.
_aEscuela de Estudios Hispano-Americanos
_v432
504 _aIncluye referencias bibliográficas y notas al pie de las páginas
650 4 _aEnfermedades
_zAmérica Latina
_xHistoria
_ySIGLOS XVI-XX
_926857
650 4 _aEnfermedades
_zAndalucía (España{Rpara}
_xHistoria
_ySIGLOS XVI-XX
_926858
650 4 _aEpidemias
_zAmérica Latina
_xHistoria
_ySIGLOS XVI-XX
_926859
650 4 _aEpidemias
_zAndalucía (España{Rpara}
_xHistoria
_ySIGLOS XVI-XX
_926860
650 4 _aMortalidad
_zEspaña
_xHistoria
_ySIGLO XVI-XX
_926861
650 4 _aAmérica latina
_zAndalucía
_xHistoria
_ySIGLOS XVI-XX
_926862
700 1 2 _aHernández Palomo, José Jesús,
_ecoord.
_926863
830 0 _aPublicaciones del Consejo Superior de Investigaciones Científicas.
_pEscuela de Estudios Hispano-Americanos ;
_n432.
_926864
910 _aValidado. Control de calidad MFF
999 _c10996
_d10996